00636cam a22001815i 450000500170000000800410001702000180005805000250007610000260010124500720012725000110019926000500021030000200026049000300028060000360031065000500034665100580039620181003115220.0170927b mx ||||| |||| 00| 0 spa d a978607401824004aPQ7297.F56bZ73 20141 aOrozco Melo, Roberto.10aOscar Flores Tapiab : de cerca y de lejosc / Roberto Orozco Melo. a1a ed. aMéxico : bMiguel Ángel Porrúa, b2014. a122 p. ;c21 cm0 aEl Pirul, varia literaria10aFlores Tapia, Oscar.vBiografia 7aAutoresysiglo XXvBiografias2lembzMéxico 0aCoahuila (México)xPolítica y gobiernoy Siglo XX